• 首页
  • 本馆介绍
  • 公告通知
  • 最新文献
  • 馆藏检索
  • 电子资源
  • 读者导购
  • 参考咨询
  • 我的图书馆
  • 登录
  • 详细信息显示
  • 放入我的书架
  • 预约/预借图书
  • 作者相关作品
  • 分类相关作品
  • 丛书相关作品
  • 出版社相关作品

书目信息

  • 表格格式
  • 工作单格式
  • 卡片格式
题名:
打造世界级装备制造业基地
    
 
作者: 张万强 , 李世杰 著
分册:  
出版信息: 北京   中国经济出版社  2011
页数: 245页
开本: 24cm
丛书名:
单 册:
中图分类: F426.4
科图分类:
主题词: 制造工业--经济发展--研究--辽宁 , 制造工业 , 经济发展
电子资源:
ISBN: 978-7-5136-0673-8
000 01205nam0 2200301 450
001 5
005 20140909094442.59
010    @a978-7-5136-0673-8@dCNY38.00
100    @a20110804d2011 em y0chiy50 ea
101 0  @achi@eeng
102    @aCN@b110000
105    @ay z 000yy
106    @ar
200 1  @a打造世界级装备制造业基地@e战略定位与发展路径@dConstrust the world-class base of equipment manufacturing industry@ethe orientation of strategy and the method of development@f张万强,李世杰等著@zeng
210    @a北京@c中国经济出版社@d2011
215    @a245页@d24cm
300    @a中国经济文库·应用经济学精品系列
330    @a本书分十章,内容包括:装备制造业概述与相关理论研究进展、世界主要发达国家装备制造业发展概况及经验启示、世界级装备制造业基地的基本特征及辽宁的差距等。
510 1  @aConstrust the world-class base of equipment manufacturing industry@ethe orientation of strategy and the method of development@zeng
517 1  @a战略定位与发展路径
606 0  @a制造工业@x经济发展@x研究@y辽宁
606 0  @a制造工业
606 0  @a经济发展
690    @aF426.4@v5
701  0 @a张万强@4著
701  0 @a李世杰@4著
801  0 @aCN@bTANGWEI@c20140603
905    @b0843205-07@dF426.4@e131@f3
    
    打造世界级装备制造业基地:战略定位与发展路径=Construst the world-class base of equipment manufacturing industry:the orientation of strategy and the method of development/张万强,李世杰等著.-北京:中国经济出版社,2011
    245页;24cm
    中国经济文库·应用经济学精品系列
    
    ISBN 978-7-5136-0673-8:CNY38.00
    本书分十章,内容包括:装备制造业概述与相关理论研究进展、世界主要发达国家装备制造业发展概况及经验启示、世界级装备制造业基地的基本特征及辽宁的差距等。
●
相关链接 在E读中查询图书 在五车中查询图书 在当当中查询图书 在豆瓣中查询图书


正题名:打造世界级装备制造业基地     索取号:F426.4/131         预约/预借

序号 登录号 条形码 馆藏地/架位号 状态 备注
1 0843205   208432052   第一样本阅览室/ [索取号:F426.4/131] 在馆    
2 0843206   208432061   第一借阅区/ [索取号:F426.4/131] 在馆    
3 0843207   208432070   密集书库-海洋学院/ [索取号:F426.4/131] 在馆    
唐山师范学院图书馆 欢迎您!
大连网信软件有限公司© 版权所有